Johnny Cash - Ring of Fire Lyrics - Statistics

General Stats
  • This quiz has been taken 167 times
  • The average score is 166 of 190
Answer Stats
Answer % Correct
fire
100%
I
99%
a
97%
ring
97%
of
96%
the
96%
burning
93%
and
92%
higher
88%
when
88%
into
86%
down
85%
fell
85%
flames
85%
it
85%
went
84%
burns
82%
is
82%
Love
79%
love
79%
thing
70%
makes
63%
you
60%
wild
59%
like
53%
desire
52%
fiery
51%
for
49%
sweet
49%
taste
48%
but
45%
by
45%
meet
45%
child
44%
hearts
44%
oh
44%
ours
44%
bound
36%
No matching quizzes found
Score Distribution
Percent of People with Each Score
Percentile by Number Answered
Your Score History
You have not taken this quiz